Statistiques concernant Culture Générale - Série 711

Cliquez ici pour prendre le quiz!

Statistiques générales

  • Ce quiz a été pris 136 fois
  • Le résultat moyen est 6 sur 10

Statistiques - réponses

QuestionRéponse% Correct
À quelle reine de France associe-t-on “l'affaire du Collier” ?Marie-Antoinette
79%
Quel sport a fait la gloire d'Ingemar Stenmark ?ski
72%
Quel canal de l'océan Indien sépare l'Afrique orientale et Madagascar ? Le canal de Mozambique ou Le canal du MozambiqueLe canal de Mozambique
71%
Quelle est la capitale la plus occidentale, du continent européen ?Lisbonne
71%
Quelle chanteuse islandaise a composé la bande originale du film musical "Dancer In The Dark" ?Björk
67%
Quel auteur américain, né à Portland en 1947, est surnommé : "le maître de l'horreur" ?Stephen King
64%
Dans quel État européen se situe la région de Sarköz ?Hongrie
57%
Quel séducteur libertin de Séville apparaît pour la première fois, dans une comédie de Tirso de Molina ?Don Juan
55%
En 1999, à quel groupe de pop écossais, portant le nom d'un état américain, doit-on les tubes : "In Our Lifetime" et "Summer Son" ?Texas
48%
Constance et Blonde sont les deux héroïnes de l'opéra de Mozart "L'Enlèvement au...sérail
44%

Distribution des résultats

Percentile par nombre de réponses

% des personnes avec chaque résultat

Votre développement - résultats

Vous n’avez pas pris ce quiz